ARTIFICIAL INTELLIGENCE (Record no. 216858)

MARC details
000 -LEADER
fixed length control field 00430nam a22001577a 4500
008 - FIXED-LENGTH DATA ELEMENTS--GENERAL INFORMATION
fixed length control field 260323b |||||||| |||| 00| 0 eng d
020 ## - INTERNATIONAL STANDARD BOOK NUMBER
International Standard Book Number 978-81-203-3849-4
100 ## - MAIN ENTRY--PERSONAL NAME
Personal name MISHRA RAVI BHUSHAN
245 ## - TITLE STATEMENT
Title ARTIFICIAL INTELLIGENCE
260 ## - PUBLICATION, DISTRIBUTION, ETC.
Place of publication, distribution, etc. NEW DELHI
Name of publisher, distributor, etc. PHI LEARNING
Date of publication, distribution, etc. 2025
300 ## - PHYSICAL DESCRIPTION
Extent XXII,503P.
500 ## - GENERAL NOTE
General note INCLUDES AN INDEX
650 ## - SUBJECT ADDED ENTRY
Topical term or geographic name entry element ARTICIAL INTELLIGENCE- TEXTBOOKS
942 ## - ADDED ENTRY ELEMENTS (KOHA)
Source of classification or shelving scheme Library of Congress Classification
Koha item type Long Loan Book
Holdings
Withdrawn status Lost status Source of classification or shelving scheme Damaged status Not for loan Collection Home library Current library Shelving location Date acquired Inventory number Total checkouts Full call number Barcode Date last seen Copy number Price effective from Koha item type
    Library of Congress Classification     Science & Technology Kisii University Library Kisii University Library On Display 03/23/2026 112483   QA 76.9 .A25M57 2025 a001108 03/23/2026 C.1 03/23/2026 Long Loan Book
    Library of Congress Classification     Science & Technology Kisii University Library Kisii University Library On Display 03/23/2026 112484   QA 76.9 .A25M57 2025 a001106 03/23/2026 C.2 03/23/2026 Long Loan Book
    Library of Congress Classification     Science & Technology Kisii University Library Kisii University Library On Display 03/23/2026 112485   QA 76.9 .A25M57 2025 a001105 03/23/2026 C.3 03/23/2026 Long Loan Book
    Library of Congress Classification     Science & Technology Kisii University Library Kisii University Library On Display 03/23/2026 112486   QA 76.9 .A25M57 2025 a001103 03/23/2026 C.4 03/23/2026 Long Loan Book